Detalles MARC
| 000 -LIDER |
| fixed length control field |
01435nam a22003017a 4500 |
| 001 - NÚMERO DE CONTROL |
| Identificador de número de control |
000056283 |
| 003 - IDENTIFICACDOR DE NÚMERO DE CONTROL |
| control field |
DO-SdBNP |
| 005 - DATE AND TIME OF LATEST TRANSACTION |
| control field |
20231128100711.0 |
| 008 - ELEMENTOS DE LONGITUD FIJA |
| fixed length control field |
160531b 1996 sp ||||| |||| 00| 0 spa d |
| 020 ## - ISBN |
| International Standard Book Number |
9681903196 |
| 040 ## - FUENTE DE CATALOGACIÓN |
| Agencia que crea de manera original el registro |
BPMSU |
| Idioma de catalogación |
sp |
| Agencia que realiza la transcripción |
BPMSU |
| 082 ## - NÚMERO DE CLASIFICACIÓN DECIMAL DE DEWEY |
| Classification number |
A863.08 |
| Item number |
C965L 2010 |
| Edition number |
22 |
| 245 00 - MENCIÓN DE TITULO |
| Título |
Cuentos latinoamericanos : |
| Subtítulo |
antología / |
| Mención de responsabilidad |
edición y prólogo, Conrado Zuluaga. |
| 260 ## - PUBLICACIÓN, DISTRIBUCIÓN, ETC. (PIE DE IMPRENTA) |
| Lugar de publicación, distribución, etc |
Bogotá, Colombia : |
| Nombre del editor, distribuidor, etc. |
Alfaguara, |
| Fecha de publicación, distribución, etc |
2006. |
| 300 ## - DESCRIPCIÓN FÍSICA |
| Extensión |
134 p. ; |
| Dimensiones |
22 cm. |
| 505 0# - NOTA DE CONTENIDO |
| Texto normalizado de contenido |
Hombre de la esquina rosada / Jorge Luis Borges ; Los fujitivos / Alejo Carpentier ; La autopista del sur / Julio Cortázar ; Nos han dado la tierra / Juan Rulfo ; Recuerdo de las sierras / Adolfo Bioy Cáseres ; En este pueblo no hay ladrones / Gabriel García Márquez. |
| 590 ## - NOTA LOCAL |
| Texto de la nota local |
Inventariado, 2023/VM |
| 650 #4 - ENCABEZAMIENTO DE MATERIA--TEMÁTICO |
| Término temático o nombre geográfico como elemento de entrada |
Cuentos latinoamericanos |
| Subdivisión de forma |
Colecciones |
| Subdivisión cronológica |
Siglo XX |
| 700 1# - ASIENTO SECUNDARIO -- NOMBRE PERSONAL |
| Nombre personal |
Zuluaga, Conrado, |
| Mención de responsabilidad |
pról. |
| 700 1# - ASIENTO SECUNDARIO -- NOMBRE PERSONAL |
| Nombre personal |
Borges, Jorge Luis, |
| Fechas asociadas con el nombre |
1899-1986. |
| Título de una obra |
Hombre de la esquina rosada. |
| 700 1# - ASIENTO SECUNDARIO -- NOMBRE PERSONAL |
| Nombre personal |
Carpentier, Alejo, |
| Fechas asociadas con el nombre |
1904-1980. |
| Título de una obra |
Fujitivos. |
| 700 1# - ASIENTO SECUNDARIO -- NOMBRE PERSONAL |
| Nombre personal |
Cortázar, Julio, |
| Fechas asociadas con el nombre |
1914-1984. |
| Título de una obra |
Autopista del sur. |
| 700 1# - ASIENTO SECUNDARIO -- NOMBRE PERSONAL |
| Nombre personal |
Rulfo, Juan, |
| Fechas asociadas con el nombre |
1918-1986. |
| Título de una obra |
Nos han dado la tierra. |
| 700 1# - ASIENTO SECUNDARIO -- NOMBRE PERSONAL |
| Nombre personal |
Bioy Casares, Adolfo, |
| Fechas asociadas con el nombre |
1914-1999. |
| Título de una obra |
Recuerdo de las sierras. |
| 700 1# - ASIENTO SECUNDARIO -- NOMBRE PERSONAL |
| Nombre personal |
García Márquez, Gabriel |
| Fechas asociadas con el nombre |
1927-2014 |
| Título de una obra |
En este pueblo no hay ladrones. |
| 910 ## - VALIDACIÓN |
| Validación |
VMateo V. Control de calidad. BPMSU |
| 942 ## - ADDED ENTRY ELEMENTS (KOHA) |
| Source of classification or shelving scheme |
Dewey Decimal Classification |
| Koha item type |
Libros |